| 000 | 00490nam a22001697a 4500 | ||
|---|---|---|---|
| 999 |
_c4301 _d4301 |
||
| 003 | OSt | ||
| 005 | 20181204172015.0 | ||
| 008 | 181204b ||||| |||| 00| 0 eng d | ||
| 020 | _a1932307214 | ||
| 040 |
_bDLC _cDLC _dDLC |
||
| 082 |
_a253 _bC699B |
||
| 100 | _aCollier, Ken and William, Matt; | ||
| 245 |
_aBiblical Leadership/ _bBecoming a Different Kind of Leader/ |
||
| 260 |
_aGreenville, South Carolina; _bAmbassador International; _cc2004 |
||
| 300 |
_a169p.; _c22cm |
||
| 942 |
_2ddc _cBK |
||